Can You Name All The Characteristics Of Draco From Brawl Stars? - Statistics

General Stats
  • This quiz has been taken 2 times
  • The average score is 6 of 15
Answer Stats
Hint Answer % Correct
Rarity Legendary
100%
Title Dungeon Master
50%
Star Power Expose
50%
Hypercharge Fire and Flames
50%
Gadgets Last Stand
50%
Trio Madevil Manor
50%
Buffies No
50%
Star Power Shredding
50%
Class Tank
50%
Gadgets Upper Cut
50%
Trait Damage Received
0%
Super Dragon Solo
0%
Attack Lance Stab
0%
Prestige Title Master Of Metal
0%
Voice Actor Matthew Curtis
0%
No matching quizzes found
Score Distribution
Percent of People with Each Score
Percentile by Number Answered
Your Score History
You have not taken this quiz